Cargando...
Infectious tropical diseases of domestic animals
| Autor Principal: | |
|---|---|
| Formato: | Printed Book |
| Idioma: | Undetermined |
| Publicado: |
England
1986
Longman scientific & technical |
| Subjects: |
| LEADER | 00665nam a2200229Ia 4500 | ||
|---|---|---|---|
| 008 | 141122s9999 xx 000 0 und d | ||
| 020 | |a 0 582 40408 8 | ||
| 040 | |c . | ||
| 041 | |a English | ||
| 082 | |a 636.089 69 | ||
| 082 | |b LOS/IN | ||
| 100 | |a George J Losos | ||
| 245 | |a Infectious tropical diseases of domestic animals | ||
| 245 | |c George J Losos | ||
| 260 | |b England | ||
| 260 | |b Longman scientific & technical | ||
| 260 | |c 1986 | ||
| 300 | |a 938 Pages | ||
| 650 | |a Medicine | ||
| 942 | |c BK | ||
| 999 | |c 2130 |d 2130 | ||
| 952 | |0 0 |1 0 |4 0 |6 636_089000000000000_69_LOSIN |7 0 |9 2107 |a COVAS |b COVAS |d 0000-00-00 |o 636.089 69 LOS/IN |p 17241 |r 2014-11-26 |w 2014-11-26 |y BK | ||